Értékválság és idő

Elmentve itt :
Bibliográfiai részletek
Szerző: Tarnay Brúnó
Adatforrás:Philobibl
Forrásdokumentuma:Magyar Filozófiai Szemle 33
1989/2-3., 263-272. p.
Dokumentumtípus: Cikk
Nyelv:magyar
LEADER 00292nab a2200097 c 4500
001 bibDOK00001763
005 20200924115812.5
008 060518s1989 hu hun
100 1 |a Tarnay Brúnó 
245 1 0 |a Értékválság és idő  |c Tarnay Brúnó 
773 0 |t Magyar Filozófiai Szemle 33  |g 1989/2-3., 263-272. p.